| 000 | 00516cam a22001934a 4500 | ||
|---|---|---|---|
| 005 | 20250605163605.0 | ||
| 008 | 250528s ||||||||||||||||||||||||d | ||
| 035 | _a22330 | ||
| 020 | _a9789609552257 | ||
| 040 |
_aGR-AtMCL _bgre _dGR-AtMCL _eAACR2 |
||
| 245 | 1 | _aΑΝΑΓΝΩΣΗ ΚΑΙ ΓΡΑΦΗ ΣΤΗΝ ΠΡΟΣΧΟΛΙΚΗ ΕΚΠΑΙΔΕΥΣΗ | |
| 250 | _a1 | ||
| 260 |
_bΠεδίο, _c2011 |
||
| 300 | _a238 | ||
| 700 | 1 | _aΤαφα Ευφημια | |
| 942 | _cBK | ||
| 999 |
_c7384 _d7384 |
||